000 00432nam a2200157 i 4500
001 bg
100 1 _aKOTARBA, Wiesław
245 0 _aVademecum Klubu Techniki i Racjonalizacji /
_cWiesław Kotarba, Tadeusz Kachnic, Zbigniew Owczarzak.
260 _aKoszalin,
_c1987.
700 1 _aKACHNIC, Tadeusz
700 1 _aOWCZARZAK, Zbigniew
040 _cBPK
041 _apol
942 _cKS
008 s pl f |000 0 pol
999 _c3423
_d3423
856 _uhttp://koha.tu.koszalin.pl/cgi-bin/koha/opac-detail.pl?biblionumber=3423
_yKatalog online BPK